000 00342nam a22001577a 4500
005 20160624114020.0
008 160624b xxu||||| |||| 00| 0 eng d
041 _aeng
082 _b9501
100 _aKotler, Philip
_92640
245 _aMarketing Management
260 _bPHI
300 _a351
650 _aManagement
_9241
942 _cBK
999 _c3793
_d3792